000 00334 a2200157 4500
001 148631
040 _cEscola São Tomás de Aquino
100 _aPACKARD, Mary
240 1 0 _aPocahontas
_lpor
245 1 0 _aPocahontas
300 _a7
362 0 _a2000
440 1 _aMelhoramentos
697 _a*LITERATURA INFANTO
942 _cBK
999 _c148631
_d148631